00257nam a2200097Ia 4500008004000000082001500040100004400055245001700099260003500116300000800151210210b1971 xxu||||| |||| 00| 0 eng d a158.2 JAMB aJAMES (Muriel) and JONGEWARD (Dorothy). aBorn to win. aNYbNew American Libraryc1971 a329